| 000 | 00760nam a2200265 a 4500 | ||
|---|---|---|---|
| 001 | nice12345678 | ||
| 003 | IN_TiNIC | ||
| 005 | 20260116012726.0 | ||
| 008 | 050524s1988 lona grp 000 0 eng | ||
| 020 |
_a _c190 |
||
| 082 | 0 | 0 |
_a922.97 _bDOU |
| 100 | _aDouglas, Ian Henderson | ||
| 245 |
_aAbul Kalam Azad _b (an Intellectual and Religious Biography) |
||
| 260 |
_aLondan _bOxford University Press _c1988 |
||
| 300 | _a358p | ||
| 500 | _aincludes index and biblioraphy | ||
| 505 | 2 | _aprinted from The Muslim World, lxi, no.3, 1971 | |
| 650 | _aAbul Kalam Azad | ||
| 650 | _aPhilosophy-Islamic-Mawlana Abul Kal | ||
| 650 | _aIndia-Political Leaders | ||
| 700 | 1 | _aDouglas, Ian Henderson | |
| 902 | _bSRS | ||
| 942 | _cBK | ||
| 999 |
_c8115 _d8115 |
||